000 00556nam a2200193Ia 4500
999 _c31681
_d31681
003 OSt
005 20200804120209.0
008 190216s9999||||xx |||||||||||||| ||und||
020 _a9788178084299
040 _coclc
082 _a511.3
_bTRU/D
100 _aTruss, J K
_93941
245 0 _aDiscrete Mathematics For Computer Scientists /
_cJ K Truss
250 _a2nd Ed.
260 _bPearson Education International,
_c2001.
_aDelhi:
300 _a585p
650 _aMathematics
942 _cBK
_2ddc
_h511.3
_iTRU/D
_k511.3
_mTRU/D